Quiz o dekadzie lat 20 XXI wieku - Statystyki

Ogólne statystyki
  • Ten quiz został rozwiązany 5 446 razy
  • Średni wynik to 15 z 20
Statystyki odpowiedzi
Wskazówka Odpowiedź % Poprawnych
Pandemia tej choroby która zabiła około 0,1% ludności świata Covid-19
99%
Państwo, które zostało zaatakowane przez Rosję Ukraina
98%
Królowa, która zmarła po 70 latach panowania Elżbieta II
97%
Model języka AI wydany w listopadzie 2022r., który zmienił na zawsze sposób, w jaki odrabiana jest praca domowa {Chat}-GPT
95%
Państwo, które przebiło Chiny w rankingu populacji Indie
95%
Szwecja oraz Finlandia dołączyły do tej międzynarodowej organizacji NATO
95%
Przedsiębiorca, który kupił Twittera i zmienił jego nazwę na X Elon Musk
90%
Reprezentacja, która wygrała swoje trzecie mistrzostwa świata w piłce nożnej w 2022r. Argentyna
87%
Chińska aplikacja, na której można znaleźć krótkie filmiki typu "shorts", która w USA ma ponad 100 milionów użytkowników TikTok
87%
Kapitan tej reprezentacji Lionel Messi
86%
Prezydent państwa, które zostało zaatakowane Wołodymyr Zełenski
85%
Miasto, w którym ta pandemia się zaczęła Wuhan
81%
Państwo, w którym założone zostały zespoły muzyki pop, takie jak BTS, Blackpink czy Seventeen Korea Południowa
74%
Piosenkarka, której trasa koncertowa "Eras" zrobiła ponad miliard dolarów przychodu, co stanowi rekord wszechczasów Taylor Swift
70%
Wskaźnik ekonomiczny, który w 2022 r. osiągnął 14,4% w Polsce – najwyższy od 24 lat Inflacja
64%
Firma która wypuściła ten model OpenAI
47%
Chiński przywódca wybrany na trzecią kadencję na stanowisko Sekretarza Generalnego KPCh Xi Jinping
45%
Aktor, który zagrał w filmach "Oppenheimer" i "Peaky Blinders" Cillian Murphy
36%
Nowa, niepowszechnie używana nazwa Turcji w języku angielskim (mimo tego JetPunk cały czas używa starej nazwy) Türkiye
31%
Producent chipów, który na krótko stał się najcenniejszą firmą na świecie z wyceną rynkową przekraczającą 3 bln $ Nvidia
26%
Nie znaleziono quizów pasujących do podanych kryteriów
Rozkład punktacji
Procent ludzi z każdym wynikiem
Percentyl według liczby udzielonych odpowiedzi
Twoja historia wyników
Nie rozwiązałeś tego quizu